Estratificación, movilidad social y etnicidad en Bolivia /
সংরক্ষণ করুন:
| প্রধান লেখক: | |
|---|---|
| অন্যান্য লেখক: | , , , |
| বিন্যাস: | পাঠ্য |
| ট্যাগগুলো: |
ট্যাগ যুক্ত করুন
কোনো ট্যাগ নেই, প্রথমজন হিসাবে ট্যাগ করুন!
|
MARC
| LEADER | 00000 a a2200000 04500 | ||
|---|---|---|---|
| 001 | 47257 | ||
| 003 | |||
| 040 | |||
| 100 | |a Gray Molina, George | ||
| 245 | |a Estratificación, movilidad social y etnicidad en Bolivia / |c George Gray Molina, Ernesto Yáñez, Lucía Casanovas, Patricia Espinoza, Natasha Loayza | ||
| 700 | |a Yáñez, Ernesto | ||
| 700 | |a Casanovas, Lucía | ||
| 700 | |a Espinoza, Patricia | ||
| 700 | |a Loayza, Natasha | ||
| 773 | |g páginas 513-555 | ||
| 999 | |c 22767 |d 22767 | ||
